<?xml version="1.0" encoding="UTF-8"?>
<collection xmlns="http://www.loc.gov/MARC21/slim">
 <record>
  <leader>00916pamaa2200169   4500</leader>
  <controlfield tag="001">0000032127</controlfield>
  <controlfield tag="005">20140822090000.0</controlfield>
  <datafield tag="020" ind1="0" ind2="0">
   <subfield code="a">[ nil ] </subfield>
  </datafield>
  <datafield tag="090" ind1="0" ind2="0">
   <subfield code="a">sHD29 </subfield>
   <subfield code="b">FIF 1978</subfield>
  </datafield>
  <datafield tag="245" ind1="0" ind2="0">
   <subfield code="a">FIFTH Malaysian economic convention agenda the nation v : </subfield>
   <subfield code="b">growth and redistribution  </subfield>
   <subfield code="c">Persatuan Ekonomi Malaysia 25 - 27 May 1978.</subfield>
  </datafield>
  <datafield tag="260" ind1="0" ind2="0">
   <subfield code="a">Penang: </subfield>
   <subfield code="b">Persatuan Ekonomi Malaysia, </subfield>
   <subfield code="c">1978.</subfield>
  </datafield>
  <datafield tag="300" ind1=" " ind2=" ">
   <subfield code="a">various pages; </subfield>
   <subfield code="c">28cm.</subfield>
  </datafield>
  <datafield tag="500" ind1="0" ind2="0">
   <subfield code="a">Contents : The new economic policy and the quest for national unity, Polictics of redistribution: myth and reality, Polictics of growth and redistribution, Growth and redistribution:a theoretical review and the Malaysian experience, Restructing society: the new economic policy revisited, Imbalances in Malayis's industrialization trends and possibilities, Progress evaluation of ASEAN</subfield>
  </datafield>
  <datafield tag="610" ind1="1" ind2="0">
   <subfield code="a">Persatuan Ekonomi Malaysia </subfield>
  </datafield>
  <datafield tag="650" ind1="0" ind2="0">
   <subfield code="a">Polictics </subfield>
  </datafield>
  <datafield tag="650" ind1="0" ind2="0">
   <subfield code="a">Economy </subfield>
  </datafield>
  <datafield tag="650" ind1="0" ind2="0">
   <subfield code="a">Seminar paper </subfield>
  </datafield>
 </record>
</collection>
